| 000 | 01219nam0a22002771 4500 | ||
|---|---|---|---|
| 001 | rc\3906704 | ||
| 005 | 20250610124922.0 | ||
| 021 |
_aRU _b[56-5925] |
||
| 035 | _a(NLR Aleph) 007908444 | ||
| 090 |
_a8082259 _c8082259 |
||
| 100 | _a20130415d1955 |||y0rusy50 ca | ||
| 101 | 0 | _arus | |
| 102 | _aRU | ||
| 105 | _aag z ||||| | ||
| 200 | 1 |
_aУзеир Гаджибеков _e(Жизнь, деятельность и творчество великого азербайдж. композитора) _fАзербайдж. театр. о-во |
|
| 210 |
_aБаку _cАзернешр _d1955 |
||
| 215 |
_a152 с. _cил., нот. ил. _d20 |
||
| 300 | _aПеред загл. авт.: Хуршид Агаева, заслуж. деятель искусства Азербайдж. ССР | ||
| 320 | _aМуз. произведения, науч. труды и статьи, написанные У. Гаджибековым: с. 145-151 | ||
| 700 | 1 |
_aАгаева _bХ.Х.Г. кызы _f1906-1953 _gХуршид Ханум Гасан кызы |
|
| 702 | 1 |
_aГаджибеков _bУ. _gУзеир _4570 |
|
| 801 | 0 |
_aRU _bNLR _gpsbo |
|
| 801 | 1 |
_aRU _bELAR _2rusmarc |
|
| 852 |
_aNLR _jИс80 Г-3/83 |
||
| 942 | _cBOOK | ||
| 980 | _aNB | ||